|
|
|
|
| LEADER |
00000cam a2200000 7i4500 |
| 001 |
0000003506 |
| 005 |
20060405.0 |
| 020 |
0 |
0 |
|a 0761932771
|
| 090 |
0 |
0 |
|a 333.72
|b UND
|
| 245 |
1 |
0 |
|a Understanding environment
|c editors, Kiran B. Chhokar, Mamata Pandya, Meena Raghunathan.
|
| 260 |
0 |
0 |
|a Thousand Oaks, California. : :
|b Sage Publications, ,
|c 2004.
|
| 300 |
|
|
|a 331 p. :
|b ill. ;
|c 24 cm.
|
| 650 |
0 |
0 |
|a Environmental education
|x Study and teaching (Higher)
|z India
|
| 650 |
0 |
0 |
|a Environmental sciences
|x Study and teaching (Higher)
|z India.
|
| 650 |
0 |
0 |
|a Sustainable development
|x Study and teaching (Higher)
|z India.
|
| 700 |
1 |
1 |
|a Chhokar, Kiran Banga
|
| 700 |
1 |
1 |
|a Pandya, Mamata
|
| 700 |
1 |
1 |
|a Raghunathan, Meena
|
| 999 |
|
|
|a 0000006845
|b Monograph
|c Open Shelf
|e Default branch
|